000 00536nam a2200205Ia 4500
003 SISC
005 20180912134758.0
008 180905s9999 xx 000 0 und d
020 _a9780545170932
050 _aPZ 7 .C4576Sto 2010
100 _aChristopher, Lucy
245 _cLucy Christopher
_aStolen /
250 _a1st ed.
260 _aNY :
_bChicken House,
_c2010
300 _a299 pages :
_c21 cm.
650 _ainterpersonal relation -- fiction
650 _aKidnapping -- fiction
942 _2lcc
_cBK
999 _c358532
_d358532